<?xml version="1.0" encoding="UTF-8"?>
<record
    xmlns:xsi="http://www.w3.org/2001/XMLSchema-instance"
    xsi:schemaLocation="http://www.loc.gov/MARC21/slim http://www.loc.gov/standards/marcxml/schema/MARC21slim.xsd"
    xmlns="http://www.loc.gov/MARC21/slim">

  <leader>01567nam a22002657a 4500</leader>
  <controlfield tag="008">130923t        mx||||| |||| 00| 0 spa d</controlfield>
  <datafield tag="050" ind1="0" ind2="4">
    <subfield code="a">KGF5404.R9</subfield>
    <subfield code="b">G63 2010</subfield>
  </datafield>
  <datafield tag="110" ind1="1" ind2=" ">
    <subfield code="a">M&#xE9;xico. Gobierno Federal</subfield>
  </datafield>
  <datafield tag="245" ind1="1" ind2="3">
    <subfield code="a">La reforma constitucional en materia de seguridad p&#xFA;blica y justicia penal. Retos y oportunidades para su implementaci&#xF3;n :</subfield>
    <subfield code="b">Mesa de debates</subfield>
    <subfield code="c">Gobierno Federal ; participantes Carlos R&#xED;os, Beatriz Eugenia Ram&#xED;rez, Guadalupe Barrena, Javier Angulo Nobara, Fernando Coronado.</subfield>
  </datafield>
  <datafield tag="250" ind1=" " ind2=" ">
    <subfield code="a">1a ed.</subfield>
  </datafield>
  <datafield tag="260" ind1=" " ind2=" ">
    <subfield code="a">M&#xE9;xico :</subfield>
    <subfield code="b">Secretaria T&#xE9;cnica del Consejo de Coordinaci&#xF3;n para la Implementaci&#xF3;n del Sistema de Justicia Penal,</subfield>
    <subfield code="c">2010</subfield>
  </datafield>
  <datafield tag="300" ind1="4" ind2=" ">
    <subfield code="a">p.v. ;</subfield>
    <subfield code="c">25 cm.</subfield>
  </datafield>
  <datafield tag="490" ind1=" " ind2="0">
    <subfield code="a">Cuadernos de trabajo para la implementaci&#xF3;n  del sistema de justicia penal acusatorio </subfield>
    <subfield code="v">1</subfield>
  </datafield>
  <datafield tag="505" ind1="0" ind2=" ">
    <subfield code="a">Contenido :</subfield>
    <subfield code="g">V.2</subfield>
    <subfield code="t">Seminario Implementaci&#xF3;n de las reformas al sistema de justicia penal en M&#xE9;xico</subfield>
  </datafield>
  <datafield tag="505" ind1="0" ind2=" ">
    <subfield code="a">Contenido :</subfield>
    <subfield code="g">V.3</subfield>
    <subfield code="r">El nuevo sistema de justicia penal desde la perspectiva de la sociedad civil</subfield>
  </datafield>
  <datafield tag="505" ind1="0" ind2=" ">
    <subfield code="a">Contenido :</subfield>
    <subfield code="g">V.4</subfield>
    <subfield code="t">Jornadas en temas de planeaci&#xF3;n para la administraci&#xF3;n, tecnol&#xF3;gicas de la informaci&#xF3;n e infraestructura.</subfield>
  </datafield>
  <datafield tag="650" ind1=" " ind2="7">
    <subfield code="2">Lemb</subfield>
    <subfield code="a">Administraci&#xF3;n de justicia penal</subfield>
    <subfield code="z">M&#xE9;xico</subfield>
  </datafield>
  <datafield tag="650" ind1=" " ind2="7">
    <subfield code="2">Lemb</subfield>
    <subfield code="a">Administraci&#xF3;n de justicia penal</subfield>
    <subfield code="x">Reformas</subfield>
    <subfield code="z">M&#xE9;xico</subfield>
  </datafield>
  <datafield tag="700" ind1="1" ind2=" ">
    <subfield code="a">R&#xED;os, Carlos, participantes</subfield>
  </datafield>
  <datafield tag="700" ind1="1" ind2=" ">
    <subfield code="a">Ram&#xED;rez, Beatriz Eugenia, participantes</subfield>
  </datafield>
  <datafield tag="700" ind1="1" ind2=" ">
    <subfield code="a">Barrena, Guadalupe, participantes</subfield>
  </datafield>
  <datafield tag="700" ind1="1" ind2=" ">
    <subfield code="a">Angulo Nobara, Javier, participantes</subfield>
  </datafield>
  <datafield tag="700" ind1="1" ind2=" ">
    <subfield code="a">Coronado, Fernando, participantes</subfield>
  </datafield>
  <datafield tag="942" ind1=" " ind2=" ">
    <subfield code="2">ddc</subfield>
    <subfield code="c">LIB</subfield>
  </datafield>
  <datafield tag="999" ind1=" " ind2=" ">
    <subfield code="c">41934</subfield>
    <subfield code="d">41934</subfield>
  </datafield>
  <datafield tag="952" ind1=" " ind2=" ">
    <subfield code="1">0</subfield>
    <subfield code="2">lcc</subfield>
    <subfield code="4">0</subfield>
    <subfield code="7">0</subfield>
    <subfield code="a">LIC-002</subfield>
    <subfield code="b">LIC-002</subfield>
    <subfield code="c">GENERAL</subfield>
    <subfield code="d">2013-09-23</subfield>
    <subfield code="e">Donaci&#xF3;n</subfield>
    <subfield code="f">1a ed.</subfield>
    <subfield code="h">V:1</subfield>
    <subfield code="k">CSA</subfield>
    <subfield code="o">KGF5404.R9 G63 2010 </subfield>
    <subfield code="p">BFD000003707</subfield>
    <subfield code="r">2013-09-23 00:00:00</subfield>
    <subfield code="t">1 </subfield>
    <subfield code="v">1.00</subfield>
    <subfield code="y">LIB</subfield>
  </datafield>
  <datafield tag="952" ind1=" " ind2=" ">
    <subfield code="1">0</subfield>
    <subfield code="2">lcc</subfield>
    <subfield code="4">0</subfield>
    <subfield code="7">0</subfield>
    <subfield code="a">LIC-002</subfield>
    <subfield code="b">LIC-002</subfield>
    <subfield code="c">GENERAL</subfield>
    <subfield code="d">2013-09-23</subfield>
    <subfield code="e">Donaci&#xF3;n</subfield>
    <subfield code="f">1a ed.</subfield>
    <subfield code="h">V:1</subfield>
    <subfield code="k">CSA</subfield>
    <subfield code="o">KGF5404.R9 G63 2010 </subfield>
    <subfield code="p">BFD000003708</subfield>
    <subfield code="r">2013-09-23 00:00:00</subfield>
    <subfield code="t">2 </subfield>
    <subfield code="v">1.00</subfield>
    <subfield code="y">LIB</subfield>
  </datafield>
  <datafield tag="952" ind1=" " ind2=" ">
    <subfield code="1">0</subfield>
    <subfield code="2">lcc</subfield>
    <subfield code="4">0</subfield>
    <subfield code="7">0</subfield>
    <subfield code="a">LIC-002</subfield>
    <subfield code="b">LIC-002</subfield>
    <subfield code="c">GENERAL</subfield>
    <subfield code="d">2013-09-23</subfield>
    <subfield code="e">Donaci&#xF3;n</subfield>
    <subfield code="f">1a ed.</subfield>
    <subfield code="h">V:1</subfield>
    <subfield code="k">CSA</subfield>
    <subfield code="o">KGF5404.R9 G63 2010</subfield>
    <subfield code="p">BFD000003709</subfield>
    <subfield code="r">2013-09-23 00:00:00</subfield>
    <subfield code="t">3 </subfield>
    <subfield code="v">1.00</subfield>
    <subfield code="y">LIB</subfield>
  </datafield>
  <datafield tag="952" ind1=" " ind2=" ">
    <subfield code="1">0</subfield>
    <subfield code="2">lcc</subfield>
    <subfield code="4">0</subfield>
    <subfield code="7">0</subfield>
    <subfield code="a">LIC-002</subfield>
    <subfield code="b">LIC-002</subfield>
    <subfield code="c">GENERAL</subfield>
    <subfield code="d">2013-09-23</subfield>
    <subfield code="e">Donaci&#xF3;n</subfield>
    <subfield code="f">1a ed.</subfield>
    <subfield code="h">V:1</subfield>
    <subfield code="k">CSA</subfield>
    <subfield code="o">KGF5404.R9 G63 2010</subfield>
    <subfield code="p">BFD000003710</subfield>
    <subfield code="r">2013-09-23 00:00:00</subfield>
    <subfield code="t">4 </subfield>
    <subfield code="v">1.00</subfield>
    <subfield code="y">LIB</subfield>
  </datafield>
  <datafield tag="952" ind1=" " ind2=" ">
    <subfield code="1">0</subfield>
    <subfield code="2">lcc</subfield>
    <subfield code="4">0</subfield>
    <subfield code="7">0</subfield>
    <subfield code="a">LIC-002</subfield>
    <subfield code="b">LIC-002</subfield>
    <subfield code="c">GENERAL</subfield>
    <subfield code="d">2013-09-23</subfield>
    <subfield code="e">Donaci&#xF3;n</subfield>
    <subfield code="f">1a ed.</subfield>
    <subfield code="h">V:2</subfield>
    <subfield code="k">CSA</subfield>
    <subfield code="o">KGF5404.R9 G63 2010 </subfield>
    <subfield code="p">BFD000003711</subfield>
    <subfield code="r">2013-09-23 00:00:00</subfield>
    <subfield code="t">1 </subfield>
    <subfield code="v">1.00</subfield>
    <subfield code="y">LIB</subfield>
  </datafield>
  <datafield tag="952" ind1=" " ind2=" ">
    <subfield code="1">0</subfield>
    <subfield code="2">lcc</subfield>
    <subfield code="4">0</subfield>
    <subfield code="7">0</subfield>
    <subfield code="a">LIC-002</subfield>
    <subfield code="b">LIC-002</subfield>
    <subfield code="c">GENERAL</subfield>
    <subfield code="d">2013-09-23</subfield>
    <subfield code="e">Donaci&#xF3;n</subfield>
    <subfield code="f">1a ed.</subfield>
    <subfield code="h">V:2</subfield>
    <subfield code="k">CSA</subfield>
    <subfield code="o">KGF5404.R9 G63 2010 </subfield>
    <subfield code="p">BFD000003712</subfield>
    <subfield code="r">2013-09-23 00:00:00</subfield>
    <subfield code="t">2 </subfield>
    <subfield code="v">1.00</subfield>
    <subfield code="y">LIB</subfield>
  </datafield>
  <datafield tag="952" ind1=" " ind2=" ">
    <subfield code="1">0</subfield>
    <subfield code="2">lcc</subfield>
    <subfield code="4">0</subfield>
    <subfield code="7">0</subfield>
    <subfield code="a">LIC-002</subfield>
    <subfield code="b">LIC-002</subfield>
    <subfield code="c">GENERAL</subfield>
    <subfield code="d">2013-09-23</subfield>
    <subfield code="e">Donaci&#xF3;n</subfield>
    <subfield code="f">1a ed.</subfield>
    <subfield code="h">V:2</subfield>
    <subfield code="k">CSA</subfield>
    <subfield code="o">KGF5404.R9 G63 2010 </subfield>
    <subfield code="p">BFD000003713</subfield>
    <subfield code="r">2013-09-23 00:00:00</subfield>
    <subfield code="t">3</subfield>
    <subfield code="v">1.00</subfield>
    <subfield code="y">LIB</subfield>
  </datafield>
  <datafield tag="952" ind1=" " ind2=" ">
    <subfield code="1">0</subfield>
    <subfield code="2">lcc</subfield>
    <subfield code="4">0</subfield>
    <subfield code="7">0</subfield>
    <subfield code="a">LIC-002</subfield>
    <subfield code="b">LIC-002</subfield>
    <subfield code="c">GENERAL</subfield>
    <subfield code="d">2013-09-23</subfield>
    <subfield code="e">Donaci&#xF3;n </subfield>
    <subfield code="f">1a ed.</subfield>
    <subfield code="h">V:2</subfield>
    <subfield code="k">CSA</subfield>
    <subfield code="o">KGF5404.R9 G63 2010 </subfield>
    <subfield code="p">BFD000003714</subfield>
    <subfield code="r">2013-09-23 00:00:00</subfield>
    <subfield code="t">4 </subfield>
    <subfield code="v">1.00</subfield>
    <subfield code="y">LIB</subfield>
  </datafield>
  <datafield tag="952" ind1=" " ind2=" ">
    <subfield code="1">0</subfield>
    <subfield code="2">lcc</subfield>
    <subfield code="4">0</subfield>
    <subfield code="7">0</subfield>
    <subfield code="a">LIC-002</subfield>
    <subfield code="b">LIC-002</subfield>
    <subfield code="c">GENERAL</subfield>
    <subfield code="d">2013-09-23</subfield>
    <subfield code="e">Donaci&#xF3;n</subfield>
    <subfield code="f">1a ed.</subfield>
    <subfield code="h">V:2</subfield>
    <subfield code="k">CSA</subfield>
    <subfield code="o">KGF5404.R9 G63 2010 </subfield>
    <subfield code="p">BFD000003715</subfield>
    <subfield code="r">2013-09-23 00:00:00</subfield>
    <subfield code="t">5 </subfield>
    <subfield code="v">1.00</subfield>
    <subfield code="y">LIB</subfield>
  </datafield>
  <datafield tag="952" ind1=" " ind2=" ">
    <subfield code="1">0</subfield>
    <subfield code="2">lcc</subfield>
    <subfield code="4">0</subfield>
    <subfield code="7">0</subfield>
    <subfield code="a">LIC-002</subfield>
    <subfield code="b">LIC-002</subfield>
    <subfield code="c">GENERAL</subfield>
    <subfield code="d">2013-09-23</subfield>
    <subfield code="e">Donaci&#xF3;n</subfield>
    <subfield code="f">1a ed.</subfield>
    <subfield code="h">V:2</subfield>
    <subfield code="k">CSA</subfield>
    <subfield code="o">KGF5404.R9 G63 2010 </subfield>
    <subfield code="p">BFD000003716</subfield>
    <subfield code="r">2013-09-23 00:00:00</subfield>
    <subfield code="t">6 </subfield>
    <subfield code="v">1.00</subfield>
    <subfield code="y">LIB</subfield>
  </datafield>
  <datafield tag="952" ind1=" " ind2=" ">
    <subfield code="1">0</subfield>
    <subfield code="2">lcc</subfield>
    <subfield code="4">0</subfield>
    <subfield code="7">0</subfield>
    <subfield code="a">LIC-002</subfield>
    <subfield code="b">LIC-002</subfield>
    <subfield code="c">GENERAL</subfield>
    <subfield code="d">2013-09-23</subfield>
    <subfield code="e">Donaci&#xF3;n</subfield>
    <subfield code="f">1a ed.</subfield>
    <subfield code="h">V:2</subfield>
    <subfield code="k">CSA</subfield>
    <subfield code="o">KGF5404.R9 G63 2010 </subfield>
    <subfield code="p">BFD000003717</subfield>
    <subfield code="r">2013-09-23 00:00:00</subfield>
    <subfield code="t">7 </subfield>
    <subfield code="v">1.00</subfield>
    <subfield code="y">LIB</subfield>
  </datafield>
  <datafield tag="952" ind1=" " ind2=" ">
    <subfield code="1">0</subfield>
    <subfield code="2">lcc</subfield>
    <subfield code="4">0</subfield>
    <subfield code="7">0</subfield>
    <subfield code="a">LIC-002</subfield>
    <subfield code="b">LIC-002</subfield>
    <subfield code="c">GENERAL</subfield>
    <subfield code="d">2013-09-23</subfield>
    <subfield code="e">Donaci&#xF3;n</subfield>
    <subfield code="f">1a ed.</subfield>
    <subfield code="h">V:3</subfield>
    <subfield code="k">CSA</subfield>
    <subfield code="o">KGF5404.R9 G63 2010 </subfield>
    <subfield code="p">BFD000003718</subfield>
    <subfield code="r">2013-09-23 00:00:00</subfield>
    <subfield code="t">1 </subfield>
    <subfield code="v">1.00</subfield>
    <subfield code="y">LIB</subfield>
  </datafield>
  <datafield tag="952" ind1=" " ind2=" ">
    <subfield code="1">0</subfield>
    <subfield code="2">lcc</subfield>
    <subfield code="4">0</subfield>
    <subfield code="7">0</subfield>
    <subfield code="a">LIC-002</subfield>
    <subfield code="b">LIC-002</subfield>
    <subfield code="c">GENERAL</subfield>
    <subfield code="d">2013-09-23</subfield>
    <subfield code="e">Donaci&#xF3;n</subfield>
    <subfield code="f">1a ed.</subfield>
    <subfield code="h">V:3</subfield>
    <subfield code="k">CSA</subfield>
    <subfield code="o">KGF5404.R9 G63 2010 </subfield>
    <subfield code="p">BFD000003719</subfield>
    <subfield code="r">2013-09-23 00:00:00</subfield>
    <subfield code="t">2 </subfield>
    <subfield code="v">1.00</subfield>
    <subfield code="y">LIB</subfield>
  </datafield>
  <datafield tag="952" ind1=" " ind2=" ">
    <subfield code="1">0</subfield>
    <subfield code="2">lcc</subfield>
    <subfield code="4">0</subfield>
    <subfield code="7">0</subfield>
    <subfield code="a">LIC-002</subfield>
    <subfield code="b">LIC-002</subfield>
    <subfield code="c">GENERAL</subfield>
    <subfield code="d">2013-09-23</subfield>
    <subfield code="e">Donaci&#xF3;n</subfield>
    <subfield code="f">1a ed.</subfield>
    <subfield code="h">V:3</subfield>
    <subfield code="k">CSA</subfield>
    <subfield code="o">KGF5404.R9 G63 2010 </subfield>
    <subfield code="p">BFD000003720</subfield>
    <subfield code="r">2013-09-23 00:00:00</subfield>
    <subfield code="t">3 </subfield>
    <subfield code="v">1.00</subfield>
    <subfield code="y">LIB</subfield>
  </datafield>
  <datafield tag="952" ind1=" " ind2=" ">
    <subfield code="1">0</subfield>
    <subfield code="2">lcc</subfield>
    <subfield code="4">0</subfield>
    <subfield code="7">0</subfield>
    <subfield code="a">LIC-002</subfield>
    <subfield code="b">LIC-002</subfield>
    <subfield code="c">GENERAL</subfield>
    <subfield code="d">2013-09-23</subfield>
    <subfield code="e">Donaci&#xF3;n</subfield>
    <subfield code="f">1a ed.</subfield>
    <subfield code="h">V:3</subfield>
    <subfield code="k">CSA</subfield>
    <subfield code="o">KGF5404.R9 G63 2010 </subfield>
    <subfield code="p">BFD000003721</subfield>
    <subfield code="r">2013-09-23 00:00:00</subfield>
    <subfield code="t">4 </subfield>
    <subfield code="v">1.00</subfield>
    <subfield code="y">LIB</subfield>
  </datafield>
  <datafield tag="952" ind1=" " ind2=" ">
    <subfield code="1">0</subfield>
    <subfield code="2">lcc</subfield>
    <subfield code="4">0</subfield>
    <subfield code="7">0</subfield>
    <subfield code="a">LIC-002</subfield>
    <subfield code="b">LIC-002</subfield>
    <subfield code="c">GENERAL</subfield>
    <subfield code="d">2013-09-23</subfield>
    <subfield code="e">Donaci&#xF3;n</subfield>
    <subfield code="f">1a ed.</subfield>
    <subfield code="h">V:3</subfield>
    <subfield code="k">CSA</subfield>
    <subfield code="o">KGF5404.R9 G63 2010 </subfield>
    <subfield code="p">BFD000003722</subfield>
    <subfield code="r">2013-09-23 00:00:00</subfield>
    <subfield code="t">5 </subfield>
    <subfield code="v">1.00</subfield>
    <subfield code="y">LIB</subfield>
  </datafield>
  <datafield tag="952" ind1=" " ind2=" ">
    <subfield code="1">0</subfield>
    <subfield code="2">lcc</subfield>
    <subfield code="4">0</subfield>
    <subfield code="7">0</subfield>
    <subfield code="a">LIC-002</subfield>
    <subfield code="b">LIC-002</subfield>
    <subfield code="c">GENERAL</subfield>
    <subfield code="d">2013-09-23</subfield>
    <subfield code="e">Donaci&#xF3;n</subfield>
    <subfield code="f">1a ed.</subfield>
    <subfield code="h">V:3</subfield>
    <subfield code="k">CSA</subfield>
    <subfield code="o">KGF5404.R9 G63 2010 </subfield>
    <subfield code="p">BFD000003723</subfield>
    <subfield code="r">2013-09-23 00:00:00</subfield>
    <subfield code="t">6 </subfield>
    <subfield code="v">1.00</subfield>
    <subfield code="y">LIB</subfield>
  </datafield>
  <datafield tag="952" ind1=" " ind2=" ">
    <subfield code="1">0</subfield>
    <subfield code="2">lcc</subfield>
    <subfield code="4">0</subfield>
    <subfield code="7">0</subfield>
    <subfield code="a">LIC-002</subfield>
    <subfield code="b">LIC-002</subfield>
    <subfield code="c">GENERAL</subfield>
    <subfield code="d">2013-09-23</subfield>
    <subfield code="e">Donaci&#xF3;n</subfield>
    <subfield code="f">1a ed.</subfield>
    <subfield code="h">V:4</subfield>
    <subfield code="k">CSA</subfield>
    <subfield code="o">KGF5404.R9 G63 2010 </subfield>
    <subfield code="p">BFD000003724</subfield>
    <subfield code="r">2013-09-23 00:00:00</subfield>
    <subfield code="t">1 </subfield>
    <subfield code="v">1.00</subfield>
    <subfield code="y">LIB</subfield>
  </datafield>
  <datafield tag="952" ind1=" " ind2=" ">
    <subfield code="1">0</subfield>
    <subfield code="2">lcc</subfield>
    <subfield code="4">0</subfield>
    <subfield code="7">0</subfield>
    <subfield code="a">LIC-002</subfield>
    <subfield code="b">LIC-002</subfield>
    <subfield code="c">GENERAL</subfield>
    <subfield code="d">2013-09-23</subfield>
    <subfield code="e">Donaci&#xF3;n</subfield>
    <subfield code="f">1a ed.</subfield>
    <subfield code="h">V:4</subfield>
    <subfield code="k">CSA</subfield>
    <subfield code="o">KGF5404.R9 G63 2010 </subfield>
    <subfield code="p">BFD000003725</subfield>
    <subfield code="r">2013-09-23 00:00:00</subfield>
    <subfield code="t">2</subfield>
    <subfield code="v">1.00</subfield>
    <subfield code="y">LIB</subfield>
  </datafield>
  <datafield tag="952" ind1=" " ind2=" ">
    <subfield code="1">0</subfield>
    <subfield code="2">lcc</subfield>
    <subfield code="4">0</subfield>
    <subfield code="7">0</subfield>
    <subfield code="a">LIC-002</subfield>
    <subfield code="b">LIC-002</subfield>
    <subfield code="c">GENERAL</subfield>
    <subfield code="d">2013-09-23</subfield>
    <subfield code="e">Donaci&#xF3;n</subfield>
    <subfield code="f">1a ed.</subfield>
    <subfield code="h">V:4</subfield>
    <subfield code="k">CSA</subfield>
    <subfield code="o">KGF5404.R9 G63 2010 </subfield>
    <subfield code="p">BFD000003726</subfield>
    <subfield code="r">2013-09-23 00:00:00</subfield>
    <subfield code="t">3 </subfield>
    <subfield code="v">1.00</subfield>
    <subfield code="y">LIB</subfield>
  </datafield>
  <datafield tag="952" ind1=" " ind2=" ">
    <subfield code="1">0</subfield>
    <subfield code="2">lcc</subfield>
    <subfield code="4">0</subfield>
    <subfield code="7">0</subfield>
    <subfield code="a">LIC-002</subfield>
    <subfield code="b">LIC-002</subfield>
    <subfield code="c">GENERAL</subfield>
    <subfield code="d">2013-09-23</subfield>
    <subfield code="e">Donaci&#xF3;n</subfield>
    <subfield code="f">1a ed.</subfield>
    <subfield code="h">V:4</subfield>
    <subfield code="k">CSA</subfield>
    <subfield code="o">KGF5404.R9 G63 2010 </subfield>
    <subfield code="p">BFD000003727</subfield>
    <subfield code="r">2013-09-23 00:00:00</subfield>
    <subfield code="t">4 </subfield>
    <subfield code="v">1.00</subfield>
    <subfield code="y">LIB</subfield>
  </datafield>
  <datafield tag="952" ind1=" " ind2=" ">
    <subfield code="1">0</subfield>
    <subfield code="2">lcc</subfield>
    <subfield code="4">0</subfield>
    <subfield code="7">0</subfield>
    <subfield code="a">LIC-002</subfield>
    <subfield code="b">LIC-002</subfield>
    <subfield code="c">GENERAL</subfield>
    <subfield code="d">2013-09-23</subfield>
    <subfield code="e">Donaci&#xF3;n</subfield>
    <subfield code="f">1a ed.</subfield>
    <subfield code="h">V:4</subfield>
    <subfield code="k">CSA</subfield>
    <subfield code="o">KGF5404:R9 G63 2010 </subfield>
    <subfield code="p">BFD000003728</subfield>
    <subfield code="r">2013-09-23 00:00:00</subfield>
    <subfield code="t">5 </subfield>
    <subfield code="v">1.00</subfield>
    <subfield code="y">LIB</subfield>
  </datafield>
  <datafield tag="952" ind1=" " ind2=" ">
    <subfield code="1">0</subfield>
    <subfield code="2">lcc</subfield>
    <subfield code="4">0</subfield>
    <subfield code="7">0</subfield>
    <subfield code="a">LIC-002</subfield>
    <subfield code="b">LIC-002</subfield>
    <subfield code="c">GENERAL</subfield>
    <subfield code="d">2013-09-23</subfield>
    <subfield code="e">Donaci&#xF3;n</subfield>
    <subfield code="f">1a ed.</subfield>
    <subfield code="h">V:4</subfield>
    <subfield code="k">CSA</subfield>
    <subfield code="o">KGF5404.R9 G63 2010 </subfield>
    <subfield code="p">BFD000003729</subfield>
    <subfield code="r">2013-09-23 00:00:00</subfield>
    <subfield code="t">6 </subfield>
    <subfield code="v">1.00</subfield>
    <subfield code="y">LIB</subfield>
  </datafield>
  <datafield tag="952" ind1=" " ind2=" ">
    <subfield code="1">0</subfield>
    <subfield code="2">lcc</subfield>
    <subfield code="4">0</subfield>
    <subfield code="7">0</subfield>
    <subfield code="a">LIC-002</subfield>
    <subfield code="b">LIC-002</subfield>
    <subfield code="c">GENERAL</subfield>
    <subfield code="d">2013-09-23</subfield>
    <subfield code="e">Donaci&#xF3;n</subfield>
    <subfield code="f">1a ed.</subfield>
    <subfield code="h">V:4</subfield>
    <subfield code="k">CSA</subfield>
    <subfield code="o">KGF5404.R9 G63 2010 </subfield>
    <subfield code="p">BFD000003730</subfield>
    <subfield code="r">2013-09-23 00:00:00</subfield>
    <subfield code="t">7 </subfield>
    <subfield code="v">1.00</subfield>
    <subfield code="y">LIB</subfield>
  </datafield>
</record>
